000 00915nam a2200217 a 4500
001 000359598
003 AM-YeHGA
005 20250618072231.0
008 030924s1979 ai a||||r|||||||||1|arm|d
040 _aAM-YeHGA
041 1 _aarm
_hrus
245 1 0 _aՓիղը :
_b[Հեքիաթ] /
_cԱլ. Կուպրին ; Թարգմ.՝ Կ. Շաղբաթյան ; Խմբ.՝ Ջ.Մ. Ղազարյան ; Նկ.՝ Կ.Վ. Սմբատյան.
260 _aԵրևան :
_bՍովետական գրող,
_c1979.
300 _a16 էջ :
_bգունանկ. ;
_c25 սմ.
650 1 4 _aՌուս մանկական գրականություն
_xՀեքիաթ
_95349
700 1 _aՇաղբաթյան, Կարինե
_eթարգմ.
_4trl
700 1 _aՂազարյան, Ջուլիետա Միհրանի,
_d1934-
_eխմբ.
_4edt
_91876
700 1 _aՍմբատյան, Կարեն Վահանի,
_d1932-2008
_eնկ.
_4art
_93744
942 _2udc
_cBK
090 _c138903
999 _c137530
_d137530